Statistics for Everton F.C. 2019/2020 Squad

Click here to take the quiz!

General Stats

  • This quiz has been taken 414 times
    (388 since last reset)
  • The average score is 20 of 26

Answer Stats

No.Answer% Correct
1England (GK)Jordan Pickford
99%
27Italy (FW)Moise Kean
95%
7Brazil (FW)Richarlison
94%
9England (FW)Dominic Calvert-Lewin
89%
13Colombia (DF)Yerry Mina
89%
5England (DF)Michael Keane
87%
23Ireland (DF)Séamus Coleman
87%
10Iceland (MF)Gylfi Sigurðsson
86%
12France (DF)Lucas Digne
86%
21Portugal (MF)André Gomes
82%
14Turkey (FW)Cenk Tosun
82%
3England (DF)Leighton Baines
82%
17Nigeria (FW)Alex Iwobi
81%
-Portugal (MAN)Marco Silva
80%
20Brazil (FW)Bernard
79%
2England (DF)Mason Holgate
78%
26England (MF)Tom Davies
77%
11England (FW)Theo Walcott
75%
25Côte d'Ivoire (MF)Jean-Philippe Gbamin
60%
29Senegal (FW)Oumar Niasse
58%
22Netherlands (GK)Maarten Stekelenburg
57%
19France (DF)Djibril Sidibé
56%
49Denmark (GK)Jonas Lössl
55%
8England (MF)Fabian Delph
53%
18France (MF)Morgan Schneiderlin
53%
30Curaçao (DF)Cuco Martina
49%

Score Distribution

Percentile by Number Answered

Percent of People with Each Score

Your Score History

You have not taken this quiz since the last reset